Property investment in China during the changing economic system. (Record no. 60139)

MARC details
000 -LEADER
fixed length control field 00876cam a2200217 4500
001 - CONTROL NUMBER
control field ABS61419
008 - FIXED-LENGTH DATA ELEMENTS--GENERAL INFORMATION
fixed length control field 000000n1999 000 0 eng u
035 ## - SYSTEM CONTROL NUMBER
System control number (Sirsi) u100531
100 ## - MAIN ENTRY--PERSONAL NAME
Personal name Chenmao, S.
245 ## - TITLE STATEMENT
Title Property investment in China during the changing economic system.
260 ## - PUBLICATION, DISTRIBUTION, ETC.
Date of publication, distribution, etc. 1999
490 ## - SERIES STATEMENT
Series statement Property Management
Volume/sequential designation 17(3) 1999, 262-270(5)
520 ## - SUMMARY, ETC.
Summary, etc. Outlines the quantitative characteristics of China's property investment during the changing economic system in China. Considers the two major challenges are the transfer of the economic systems and the development of residential housing, and explores the issue of how to meet these challenges. References.
590 ## - LOCAL NOTE (RLIN)
Local note ABS
650 ## - SUBJECT ADDED ENTRY--TOPICAL TERM
Topical term or geographic name entry element CHINA
650 ## - SUBJECT ADDED ENTRY--TOPICAL TERM
Topical term or geographic name entry element PROPERTY INVESTMENT
650 ## - SUBJECT ADDED ENTRY--TOPICAL TERM
Topical term or geographic name entry element ECONOMIC CONDITIONS
690 ## - LOCAL SUBJECT ADDED ENTRY--TOPICAL TERM (OCLC, RLIN)
Topical term or geographic name as entry element OVERSEAS-REST OF THE WORLD
700 ## - ADDED ENTRY--PERSONAL NAME
Personal name Zhida, F.
942 ## - ADDED ENTRY ELEMENTS (KOHA)
Suppress in OPAC 0
Holdings
Withdrawn status Lost status Source of classification or shelving scheme Damaged status Not for loan Home library Current library Shelving location Date acquired Total Checkouts Full call number Barcode Date last seen Copy number Price effective from Koha item type
    Dewey Decimal Classification     London London Journal article 18/10/1999   ABS61419 100531-1001 06/08/2019 1 06/08/2019 Journal article